| 000 | 00510nam a22001817a 4500 | ||
|---|---|---|---|
| 005 | 20250926105450.0 | ||
| 008 | 250926b |||||||| |||| 00| 0 eng d | ||
| 020 | _a9788123913933 | ||
| 050 | _aRS403 AGA | ||
| 100 | _aAgarwal, S.P. | ||
| 245 |
_aPhysical Pharmacy/ _cS. P. Agarwal & Rajesh Khanna |
||
| 250 | _a2nd ed. | ||
| 260 |
_aNew Delhi _bCBS Publishers & Distributors _c2006 |
||
| 300 |
_aix. 330p. _bill. _c24cm |
||
| 500 | _aincludes index | ||
| 700 | _aKhanna, Rajesh | ||
| 942 |
_2lcc _cBK _e2nd ed. _n0 |
||
| 999 |
_c7746 _d7746 |
||